| 000 | 01521cam a2200313 a 4500 | ||
|---|---|---|---|
| 005 | 20260210070748.0 | ||
| 008 | 120509s2012 ii b b 101 0 eng d | ||
| 020 | _a9788180698729 | ||
| 020 | _a8180698726 | ||
| 082 | 0 | 4 |
_a305.800954 MEN _223 |
| 100 | _aMenon Veneetha | ||
| 245 | 0 | 0 |
_aEnvironment and tribes in India : _bresource conflicts and adaptations / _cedited by Vineetha Menon. |
| 260 |
_aBhopal : _bIndira Gandhi Rashtriya Manav Sangrahalaya ; _aNew Delhi : _bConcept Pub. Co., _c2012. |
||
| 300 |
_axvi, 213 p. : _bmaps ; _c23 cm. |
||
| 504 | _aIncludes bibliographical references and index. | ||
| 520 | _aPapers presented at two seminars on ecology, indigeneity, resource conflicts and adaptations : India and Kerala, held at New Delhi and Kannur University. | ||
| 650 | 0 |
_aIndigenous peoples _zIndia _vCongresses. |
|
| 650 | 0 |
_aIndigenous peoples _zIndia _zKerala _vCongresses. |
|
| 650 | 0 |
_aHuman ecology _zIndia _vCongresses. |
|
| 650 | 0 |
_aHuman ecology _zIndia _zKerala _vCongresses. |
|
| 650 | 0 |
_aResource-based communities _zIndia _vCongresses. |
|
| 650 | 0 |
_aResource-based communities _zIndia _zKerala _vCongresses. |
|
| 650 | 0 |
_aNatural resources _xGovernment policy _zIndia _vCongresses. |
|
| 650 | 0 |
_aNatural resources _xGovernment policy _zIndia _zKerala _vCongresses. |
|
| 655 | 7 |
_aConference papers and proceedings. _2lcgft _0https://id.loc.gov/authorities/genreForms/gf2014026068 |
|
| 700 | 1 | _aMenon, Vineetha. | |
| 710 | 2 | _aIndirā Gāndhī Rāshṭrīya Mānava Saṅgrahālaya. | |
| 942 |
_2ddc _cBK |
||
| 999 |
_c32342 _d32342 |
||